00459nam a2200181 i 4500001000300000003000400003005001700007008004100024040000800065041001300073080001100086100004400097245004900141250001800190260003700208300001200245650002000257bgBPK20190726142023.0 s1971 pl f |000 0 polod cBPK1 apolhrus a512.641 aGel'fand, Izrail Moiseevičd(1913- ). 0aLekcii po linejnoj algebre /cI. M. Gelfand. aIzd. 4 dopol. aMoskva :bIzdat. "Nauka",c1971. as. 271. 4aAlgebra liniowa